00284nam a2200121Ia 4500008004100000041000900041082001800050100001600068245002600084260003600110300000800146650000800154230718s9999 xx 000 0 und d aEng. a663.42bMAS-L aMasud, Ross 0alaw and order in the. aPakistanbMayoor low bookc2009 a337 aLaw